Šach mat ; Poctivý Zametač Ignatius

Bibliographic Details
Main Author: Archer, Jeffrey, 1940- (Author)
Other Authors: Genzor, Jozef, 1939-2019 (Translator)
Format: Article
Language:Slovak
English
PhysicalDescription:Fotogr. 1
Subjects:

MARC

LEADER 00000nab a2200000 a 4500
001 vtls000484406
003 SK-MaSNL
005 20260304000540.0
008 140422c1993 xo 0 slo
015 |a SNBRB19rr/mm-uuuuu 
035 |a CL0484541 
040 |a SNKBUCL  |b slo  |c SNKBUCL  |e AACR2 
041 1 |a slo  |h eng 
044 |a xo  |c SK 
080 |a 820-3  |2 1981 
100 1 |a Archer, Jeffrey,  |d 1940-  |4 aut  |9 89870 
245 1 0 |a Šach mat ; Poctivý Zametač Ignatius  |c Jeffrey Archer ; preklad a úvodná poznámka Jozef Genzor 
300 |b Fotogr. 1 
500 |a Zo zbierky poviedok Zvrat v rozprávaní 
655 7 |a anglické poviedky  |2 snkbucl  |9 70540 
655 7 |a detektívne poviedky  |2 snkbucl  |9 70227 
655 7 |a články z novín a časopisov  |2 snkbucl  |9 267496 
655 7 |a články z odboru literárna veda a krásna literatúra  |2 snkbucl  |9 770045 
700 1 |a Genzor, Jozef,  |d 1939-2019  |4 trl  |9 100096 
773 0 |t Literárny týždenník  |g Roč. 6, č. 2 (1993), s. 8-9 
850 |a Slovenská národná knižnica v Martine  |a MTA001 
852 |a SNK  |b KIS3GCP 
958 |a RK 
958 |a LX 
958 |a GB 
999 |c 2531770  |d 2533700